00687nam a22001697a 4500003000900000008004100009040007100050082002000121100002200141245009700163260003800260300002600298505014900324650001200473650001300485650001900498AR-CdUCM190427b           ||||| |||| 00| 0 spa d  aMUNICIPALIDAD PROVINCIAL DEL CUSCOcBIBLIOTECA MUNICIPAL DEL CUSCO  a970.01 /bI32 /  aImbelloni, José  aLa esfinge indiana :bAntiguos y nuevos aspectos del problema de los orígenes americanos /  aBuenos Aires :bEl Ateneo,c1926.  a454 paginas ;c23 cm.  aContenido :Época heroica --La cronología fantástica --El aspecto arqueológico --El aspecto etnológico --El aspecto lingüístico ...  aAmerica  aHistoria  aArqueológica